| 000 | 00404nam a2200109Ia 4500 | ||
|---|---|---|---|
| 008 | 160909s9999 xx 000 0 und d | ||
| 100 | _aBush, Hillary Hurst | ||
| 245 | _aSelf-reported sexuality among women with and without autism spectrum disorder (ASD) | ||
| 260 |
_bUniversity of Massachusetts Boston. _c2016 |
||
| 650 | _aPSYCHOLOGY | ||
| 856 | _uhttp://pqdtopen.proquest.com/doc/1803936932.html?FMT=ABS | ||
| 999 |
_c304129 _d304129 |
||